000
00341 a2200157 4500
001
56484
020
_a
8530500199
040
_c
Anchieta - Pituba
100
_a
Colasanti, Marina
240
1
0
_a
Um amigo para sempre
_l
por
245
1
0
_a
Um amigo para sempre
300
_a
15
362
0
_a
1998
650
4
_a
Literatura juvenil
942
_c
BK
999
_c
56484
_d
56484